00695 2200217 4500001002100000005001500021035002000036007000300056008004100059020001700100082001000117084001600127100002500143245009700168250001000265260003500275300002600310650001900336520011400355990000800469INLIS00000000000016320170912014328 a0010-0917000149ta170912 0 ind  a979-017-59-9 a297.2 a297.2 AHM m0 aAhmad Sudirman Abbas1 aMukjizat Doa & Air Mata Ibu :bKisah Dan Doa Yang Mahadahsyat /cDr.Ahmad Sudirman Abbas,M.A aCet.1 aJakarta :bQultum Media,c2009 a240 hlm ;c14 x 20 cm aWawasan Islami aApabila Seorang Hamba meninggalkan (tidak) mendoakan orang tuanya, niscaya putuslah rizkinya. (HR Ad-Dailami) a264